000
00288nam a2200121Ia 4500
005
20251222140052.0
008
251222s1900||||xx |||||||||||||| ||spa||
082
_a
142.3/V28
100
_a
Vanni Rovighi, Sofía
245
0
_a
Introducción al Estudio de Kant
264
_b
Fax
942
_c
LIB
999
_c
3627
_d
3627